Rédaction et traduction = Luận và luyện dịch Pháp văn

Đã lưu trong:
书目详细资料
主要作者: Hoàng Phương
格式: 图书
语言:Undetermined
出版: Đồng Nai Nxb. Đồng Nai 1998
主题:
标签: 添加标签
没有标签, 成为第一个标记此记录!
Thư viện lưu trữ: Trung tâm Học liệu Trường Đại học Cần Thơ
LEADER 00581nam a2200181Ia 4500
001 CTU_27700
008 210402s9999 xx 000 0 und d
082 |a 448.802 
082 |b Ph561 
100 |a Hoàng Phương 
245 0 |a Rédaction et traduction 
245 0 |b = Luận và luyện dịch Pháp văn 
245 0 |c Hoàng Phương 
260 |a Đồng Nai 
260 |b Nxb. Đồng Nai 
260 |c 1998 
650 |a french language - compositions and exercises,french language - translating 
980 |a Trung tâm Học liệu Trường Đại học Cần Thơ